Participación ciudadana /
Збережено в:
| Автор: | |
|---|---|
| Співавтор: | |
| Інші автори: | |
| Формат: | Текст |
| Опубліковано: |
San José :
|
| Теги: |
Додати тег
Немає тегів, Будьте першим, хто поставить тег для цього запису!
|
MARC
| LEADER | 00000 a a2200000 04500 | ||
|---|---|---|---|
| 001 | 12088 | ||
| 003 | |||
| 040 | |||
| 090 | |a 141900 | ||
| 100 | |a Maraví, Milagros | ||
| 110 | |a Instituto Interamericano de Derechos Humanos | ||
| 245 | |a Participación ciudadana / |c Milagros Maraví | ||
| 260 | |a San José : | ||
| 300 | |a 45 p. | ||
| 700 | |a Guzmán Stein, Laura | ||
| 999 | |c 16349 |d 16349 | ||
